00527 2200169 4500001002100000005001500021035002000036007000300056008003900059082000700098084001300105100001800118245015300136260004600289650000800335990001400343INLIS00000000000988120260413021433 a0010-0426000213ta260413 | | |  a81 a81 DIN a0 aDINA MEGAWATI1 aANALISIS PEMBERIAN TUGAS BELAJAR PEGAWA NEGERI SIPIL PADA BADAN KEPEGAWAIAN DAN PENGEMBANGAN SUMBER DAYA MANUSIA KOTA PALANGKA RAYA /cDINA MEGAWATI aPALANGKA RAYA :bPERPUSTAKAAN UMPR,c2026 4aPNS a238101160